[Event "Vasteras Open 2018"]
[Site "Vasteras"]
[Date "2018.09.30"]
[Round "7"]
[White "Glimbrant, Torbjorn"]
[Black "Sjodahl, Pontus"]
[Result "1/2-1/2"]
[WhiteElo "2261"]
[BlackElo "2405"]
[Annotator "TA"]
[PlyCount "63"]
[EventDate "2018.09.28"]
[EventCountry "SWE"]
[SourceTitle "playchess.com"]
[Source "ChessBase"]
[SourceQuality "1"]

{[%evp 18,63,0,0,11,-102,-91,-99,-109,-107,-95,-109,-81,-129,-127,-156,-119,-106,-45,-36,-6,-6,-11,-6,-6,-6,-6,-7,256,-6,-31,-241,-174,-196,0,-16,0,-33,0,0,8,8,21,27,22,13,576,247]} 1. d4 Nf6 2. Nf3 d5 3. c4 e6 4. e3 b6 5. Nc3 Bb7 6. Bd3 Bd6 7. O-O O-O 8. b3 a6 9. Bb2 Nbd7 10. Qc2 c5 {E14: Queen's Indian: Classical Variation (4 e3)} (10... dxc4 {seems wilder.} 11. bxc4 Bxf3 12. gxf3 Nd5 13. Bxh7+ Kh8) (10... Qe7 11. Rfe1 Rfe8 12. Rad1 dxc4 13. Bxc4 b5 14. Bd3 c5 15. Ne4 Bxe4 16. Bxe4 Rac8 17. dxc5 Bxc5 18. Bb7 {1-0 (48) Andreikin,D (2712)-Goganov,A (2597) Cheliabinsk 2018}) 11. Rac1 (11. cxd5 $11 {remains equal.} exd5 12. Rac1) 11... dxc4 $146 ({Predecessor:} 11... h6 12. Rfe1 Rc8 13. Qe2 a5 14. Nb5 Bb8 15. Ne5 dxc4 16. Nxc4 Rc6 17. Ne5 Nxe5 18. dxe5 {0-1 (39) Da Rosa,H (1377)-Ikejiri,D (1973) Aldeia de Barueri 2017}) 12. bxc4 Bxf3 {Black is better.} 13. gxf3 {[#]} cxd4 $1 14. exd4 Nh5 15. Ne2 (15. Bxh7+ $2 Kh8 $17) 15... Nf4 {And now ...Nxe2+ would win.} 16. Ng3 ({But not} 16. Bxh7+ $2 Kh8 $19) 16... f5 17. Rfe1 Rf6 (17... Bb4 $17 18. Red1 Bd6) 18. d5 $1 $15 {[%cal Rd5e6] aiming for dxe6.} Rh6 {( -> ...Qh4)} 19. Rxe6 $1 Nxe6 20. dxe6 Nc5 21. Bxf5 Qh4 22. Qc3 $1 {[%csl Gb2][%cal Rc3g7]} Qxh2+ 23. Kf1 {[%csl Gb2][%cal Rc3g7]} Rf6 {[#]} 24. Qc2 $2 (24. f4 $1 $15 {[%mdl 512]} Raf8 (24... Bxf4 25. Qf3) 25. Rd1) 24... Rff8 25. e7 Bxe7 $2 ({Black should play} 25... Rf7 $19 26. Rd1 Bxe7) 26. Ke2 $1 $11 {Black must now prevent Rh1.} g6 27. Rh1 Qg2 {[#]} (27... Qxh1 $5 28. Nxh1 Rxf5 $17) 28. Bxg6 $1 $40 {[%mdl 640] White mounts an attack.} Qxf3+ (28... hxg6 29. Qxg6#) 29. Ke1 Bf6 {Threatens to win with ...Bxb2.} 30. Bxh7+ Kf7 {Hoping for ...Bxb2.} 31. Bg6+ Ke6 $2 {[%mdl 8192]} (31... Kg8 $1 $11 32. Bh7+ Kf7 33. Bg6+ Kg8 34. Bh7+) 32. Rh6 {Precision: White = 62%, Black = 47%.} (32. Bf5+ $142 Kf7 33. Rh7+ Bg7 34. Bxg7 Rfe8+ 35. Kf1) 1/2-1/2

[Event "Vasteras Open 2018"]
[Site "Vasteras"]
[Date "2018.09.30"]
[Round "7"]
[White "Ragnarsson, Dagur"]
[Black "Lokander, Martin"]
[Result "1-0"]
[WhiteElo "2249"]
[BlackElo "2384"]
[Annotator "TA"]
[PlyCount "105"]
[EventDate "2018.09.28"]
[EventCountry "SWE"]
[SourceTitle "playchess.com"]
[Source "ChessBase"]
[SourceQuality "1"]

{[%evp 24,104,62,49,63,58,131,141,145,54,212,134,239,235,208,240,233,222,224,217,227,234,301,98,2624,2466,2407,2133,1837,861,1793,1483,1734,1677,1329,1162,1258,1166,1173,1159,1153,1129,1063,1016,1322,1305,1162,868,1497,1443,1439,1340,1167,981,1396,1166,1332,1325,1754,1693,2132,2084,6119,5281,12838,12839,12838,12839,12839,1495,12842,12842,12842,12843,12843,12843,29995,29996,29996,29997,29997,29998,29999]} 1. d4 d5 2. c4 c6 3. Nc3 Nf6 4. Nf3 e6 5. Bg5 dxc4 6. e4 {[%cal Be2e4,Be4e5][%mdl 32]} b5 7. e5 h6 8. Bh4 g5 9. Nxg5 hxg5 10. Bxg5 Be7 11. exf6 Bxf6 12. Bxf6 Qxf6 13. g3 Na6 {D44: Semi-Slav: Botvinnik System} 14. Bg2 Nb4 (14... Bb7 $1 $14) (14... Bb7 15. Ne4 Qe7 16. O-O O-O-O 17. h4 c5 18. a4 Rxd4 19. Qe2 b4 20. Rad1 Rhd8 21. Rxd4 Rxd4 22. Rc1 Bd5 23. Nd2 Nb8 24. Bxd5 Rxd5 25. Nxc4 {1-0 (43) Yu,Y (2751)-Dreev,A (2653) Riadh 2017}) 15. O-O $1 $16 {[%cal Bh1f1,Bf1d1,Bd1d4][%mdl 32]} Bb7 {White is clearly better.} 16. a4 (16. Ne4 $1 $16 {[%cal Re4f6]} Qh6 17. h4) 16... Qe7 $2 (16... O-O-O $1 $14) 17. Qf3 Nc2 $146 (17... O-O-O $16) ({Predecessor:} 17... O-O-O 18. axb5 Kb8 19. Qf4+ Ka8 20. bxc6 Nxc6 21. d5 e5 22. Qxc4 Nd4 23. Ra5 Rd6 24. Rfa1 a6 25. Ne4 Rdh6 26. d6 {1-0 (26) Murray Watson,I-Savage,J CServe email 1997}) 18. axb5 $18 Nxd4 19. Qe4 Qc5 20. Rfd1 O-O-O {[#]} 21. Na4 $1 {[%cal Ra4c5]} Qh5 {[#] White must now prevent ...Ne2+.} 22. h3 $1 (22. Rxd4 Rxd4 23. Qxd4 Qxh2+ 24. Kf1 Qxg2+ 25. Kxg2 c5+ 26. Qe4 Bxe4+ 27. f3 Bb7 $11) 22... f5 23. Qe5 $2 (23. Qe3 $18 f4 24. Qe4 (24. gxf4 Qg6 $11) 24... Nxb5 25. Qxe6+ Kb8 26. g4) 23... Qxh3 $4 {[%mdl 8192]} (23... Qe2 $16 24. Qg7 Rhg8) 24. Rxd4 ({Not} 24. Nb6+ axb6 25. Rxd4 Qh2+ 26. Kf1 Rxd4 $16) 24... Qh2+ 25. Kf1 Rxd4 26. Nc5 ({Stronger than} 26. Qxd4 Qxg2+ 27. Kxg2 c5+ 28. Qe4 Bxe4+ 29. f3 Bb7 $11) (26. b6 $142 Rd7 27. bxa7) 26... Rhd8 27. bxc6 {[%csl Gc5,Gg2][%cal Rc6b7]} Qxg2+ 28. Kxg2 {[%csl Gc5][%cal Rc6b7]} Bxc6+ 29. f3 Rd2+ 30. Kf1 R8d6 31. Nxe6 R2d5 32. Qh8+ Kb7 33. Qg7+ Rd7 34. Qf8 Kb6 35. Qa3 {[%csl Ga1][%cal Ra3a6]} a5 36. Qe3+ Kb5 37. Rc1 a4 38. Rc2 Ka5 39. Nf4 Rd1+ 40. Kg2 Bb5 41. Qc3+ Ka6 42. Re2 R7d6 43. Re6 Rxe6 44. Nxe6 Kb6 45. Qe3+ Kb7 46. Nd4 Ba6 47. Qe7+ Kb6 48. Qd6+ Kb7 49. Qc6+ Ka7 50. Qc7+ {White mates.} Ka8 51. Nc6 {[%csl Gc6][%cal Rc7b8]} Rd2+ 52. Kh3 {[%csl Gc6][%cal Rc7b8]} Bc8 53. Qb8# {Precision: White = 50%, Black = 34%.} 1-0

[Event "Vasteras Open 2018"]
[Site "Vasteras"]
[Date "2018.09.30"]
[Round "7"]
[White "Ragnarsson, Dagur"]
[Black "Lokander, Martin"]
[Result "*"]
[WhiteElo "2249"]
[BlackElo "2384"]
[Annotator "TA"]
[PlyCount "42"]
[EventDate "2018.09.28"]
[EventCountry "SWE"]
[SourceTitle "playchess.com"]
[Source "ChessBase"]
[SourceQuality "1"]

{[%evp 26,32,63,45,118,133,96,78,105]} 1. d4 d5 2. c4 c6 3. Nc3 Nf6 4. Nf3 e6 5. Bg5 dxc4 6. e4 {[%cal Be2e4,Be4e5][%mdl 32]} b5 7. e5 h6 8. Bh4 g5 9. Nxg5 hxg5 10. Bxg5 Be7 11. exf6 Bxf6 12. Bxf6 Qxf6 13. g3 Na6 {D44: Semi-Slav: Botvinnik System} 14. Bg2 {LiveBook: 63 Games} Nb4 {[#]} (14... Bb7 $1 $14) (14... Bb7 15. Ne4 Qe7 16. O-O O-O-O 17. h4 c5 18. a4 Rxd4 19. Qe2 b4 20. Rad1 Rhd8 21. Rxd4 Rxd4 22. Rc1 Bd5 23. Nd2 Nb8 24. Bxd5 Rxd5 25. Nxc4 {1-0 (43) Yu,Y (2751)-Dreev,A (2653) Riadh 2017}) 15. O-O $1 $16 Bb7 16. a4 Qe7 {Predecessor:} 17. Qe2 $146 a6 18. Ne4 Nd3 19. b3 Rd8 20. axb5 cxb5 21. bxc4 bxc4 {½-½ (28) Sorgjerd,J-Lovholt,T Norway 1998} *

[Event "Vasteras Open 2018"]
[Site "Vasteras"]
[Date "2018.09.30"]
[Round "7"]
[White "Blomstrom, Lars"]
[Black "Lindberg, Bengt"]
[Result "0-1"]
[WhiteElo "2166"]
[BlackElo "2406"]
[Annotator "TA"]
[PlyCount "100"]
[EventDate "2018.09.28"]
[EventCountry "SWE"]
[SourceTitle "playchess.com"]
[Source "ChessBase"]
[SourceQuality "1"]

{[%evp 21,100,16,30,-9,0,-35,-12,-24,-4,-24,23,0,6,-40,-14,-19,-36,-48,0,0,28,0,0,10,14,8,49,30,58,63,52,0,55,45,38,27,56,34,47,41,77,24,65,55,72,27,26,31,93,78,78,79,79,81,81,0,0,0,0,-100,-17,-622,-642,-509,-36,-38,-8,-8,-8,-8,0,-4,45,-303,0,0,0,2,8,8,8]} 1. e4 c5 2. Nf3 e6 3. d4 cxd4 4. Nxd4 Nc6 5. Nc3 Qc7 6. g3 a6 7. Bg2 d6 8. O-O Bd7 9. Nxc6 Bxc6 10. a4 {B47: Sicilian: Taimanov: 5 Nc3 Qc7 6 f4, 6 g3 and 6 Be2} Nf6 11. Qe2 Be7 {LiveBook: 10 Games} 12. f4 $146 {White has an edge.} ({Predecessor:} 12. Rd1 O-O 13. Bf4 Nd7 14. a5 Ne5 15. Be3 Be8 16. Bb6 Qc8 {0-1 (58) Vazquez,G (2405)-Gorovets,A (2548) Greensboro 2016}) 12... O-O 13. g4 h6 14. g5 hxg5 15. fxg5 Nh7 16. Qg4 d5 {[%cal Bd6d5,Bd5d4,Bd4d3][%mdl 32]} 17. Kh1 d4 18. Ne2 {[%cal Bc3e2,Be2g1,Bg1h3,Bh3f2,Bf2g4][%mdl 32]} e5 19. c3 Bd7 20. Qg3 d3 (20... Qc4 $5 {[%cal Rc4e2]} 21. Qxe5 Qxe2 22. Qxe7 Bc6 $11) 21. Ng1 (21. Nd4 $5) 21... Bc6 22. Bd2 Rad8 23. h4 g6 24. Nh3 Kh8 25. Nf2 f5 26. gxf6 (26. exf5 $1 $14 Bxg2+ 27. Qxg2 Rxf5 28. Ng4) 26... Bxf6 (26... Nxf6 $11 27. Qxg6 Rg8 28. Qh6+ Nh7) 27. Ng4 ({Reject} 27. Qxg6 Rg8 $17) 27... Bg7 28. b3 Qe7 29. a5 Rde8 30. c4 Rf4 31. Rae1 (31. Rad1 $1 $16 Rxf1+ 32. Rxf1) 31... Rxf1+ 32. Rxf1 Rf8 {next ...Rxf1+ is good for Black.} 33. Rxf8+ Nxf8 34. Nf2 Nd7 (34... Kh7 $14) 35. Qxg6 Qxh4+ 36. Kg1 Nc5 37. b4 $1 {[%cal Rb4c5]} Nb3 {[#]} 38. Bg5 (38. Be3 $1 $16) 38... Qg3 $11 {White must now prevent ...d2.} 39. Qh5+ Kg8 {With the idea ...d2.} 40. Qd1 (40. Kf1 $11 {remains equal.} Bd7 41. Bf3) 40... Nd4 ({Better is} 40... Qxg5 $17 41. Qxb3 d2) 41. Bc1 $2 {[%mdl 8192]} (41. Qh5 $11) 41... Ne2+ $19 42. Kf1 Nxc1 $2 (42... Qh2 $19 {[%csl Ge2][%cal Rh2g1]} 43. Qxd3 Ng3+ 44. Ke1 Qxg2) 43. Qxc1 $15 Ba4 {And now ...Bf6 would win.} 44. Qd2 Bc2 {Hoping for ...Kh7.} 45. Bh3 $1 Qh4 {Strongly threatening ...Bh6.} 46. Be6+ Kf8 47. b5 $2 {[%mdl 8192] [#]} (47. Qe3 $14 {is the one way to stay ahead.}) 47... Bf6 $2 (47... Bh6 $1 $19 {[%cal Rh6d2]} 48. Qb4+ Qe7 49. Qxe7+ Kxe7) 48. bxa6 {The position is equal.} bxa6 49. Qb4+ Kg7 50. Qb7+ Be7 {[%mdl 32768] Precision: White = 38%, Black = 27%. . Loss on Time!?} 0-1

[Event "Vasteras Open 2018"]
[Site "Vasteras"]
[Date "2018.09.30"]
[Round "7"]
[White "Ask, Josef"]
[Black "Ornstein, Axel"]
[Result "0-1"]
[WhiteElo "2141"]
[BlackElo "2306"]
[Annotator "TA"]
[PlyCount "140"]
[EventDate "2018.09.28"]
[EventCountry "SWE"]
[SourceTitle "playchess.com"]
[Source "ChessBase"]
[SourceQuality "1"]

{[%evp 14,140,21,4,17,0,12,16,0,-13,0,-6,0,0,0,10,18,18,0,-13,0,0,33,-23,27,14,95,97,140,105,133,88,325,321,301,304,296,89,86,101,90,91,91,99,85,91,104,0,17,16,135,18,80,73,76,16,18,0,0,0,0,0,0,0,0,0,0,0,0,0,0,0,0,0,0,0,0,-22,0,0,0,0,0,-8,-11,-49,-37,-417,-401,-216,-187,-1531,0,-1602,-1502,-1177,0,-1143,-1135,-914,-658,-641,-404,-29965,-29966,-29969,-29972,-29971,-29972,-29972,-29973,-29971,-29974,-29972,-29973,-29973,-29966,-29966,-4686,-29971,-29972,-29970,-29971,-29970,-29971,-29977,-29978,-29978,-29977]} 1. e4 e6 2. d4 d5 3. Nc3 Bb4 4. exd5 exd5 5. Bd3 Nc6 6. a3 Bxc3+ 7. bxc3 Nge7 8. Qh5 g6 {C01: French: Exchange Variation} (8... Be6 9. Ne2 Qd7 10. Ng3 O-O-O 11. h3 g6 12. Qf3 Nf5 13. Nxf5 Bxf5 14. Bxf5 gxf5 15. O-O Rde8 16. Bf4 Re4 17. g3 h5 {1-0 (30) Onischuk,V (2612)-Kovalenko,I (2700) Berlin 2015}) 9. Qf3 Bf5 10. Rb1 b6 {The position is equal.} 11. Bg5 $146 ({Predecessor:} 11. Ne2 Qd7 12. Bg5 Bxd3 13. cxd3 O-O-O 14. Bf6 Rhg8 15. O-O Qe6 16. Rfe1 {0-1 (40) Lopez Rivera,J (2360)-Fernandez Borrego,P (2430) Linares 2016}) 11... Qd6 12. Ne2 Bxd3 13. cxd3 O-O-O 14. O-O $36 {[%mdl 2048] White is more active.} Rde8 15. a4 (15. Qxf7 $2 Rhf8 $19) 15... h6 16. Bd2 f5 17. c4 g5 {[%cal Bg6g5,Bg5g4][%mdl 32]} 18. Rfc1 (18. a5 $14) 18... g4 19. Qf4 {Black should prevent Qxd6.} Qxf4 (19... Qf6 $11 {keeps the balance.} 20. Ng3 Qxd4) 20. Nxf4 $16 (20. Bxf4 $6 dxc4 21. Rxc4 (21. dxc4 Ng6 $17) 21... Nd5 $11) 20... Nxd4 21. cxd5 {Threatens to win with Rc4.} c5 22. a5 Nxd5 $2 (22... Kd7 $16 {might work better.}) 23. Nxd5 $18 Ne2+ 24. Kf1 Nxc1 25. Rxc1 $2 ({Don't take} 25. Bxc1 $6 Kb7 $16) (25. axb6 $18 {and White stays clearly on top.} axb6 26. Bxc1) 25... Rd8 $16 26. Ne7+ ({Stronger than} 26. axb6 Rxd5 27. bxa7 Kb7 $17) 26... Kb7 27. Nxf5 Rxd3 28. Bxh6 Kc6 29. axb6 axb6 30. Ke2 (30. Rc4 $16) 30... Ra3 31. Rc2 Ra4 (31... Rha8 $11) 32. g3 (32. f3 $1 $16) 32... Re4+ (32... Rha8 $11) 33. Be3 Rxh2 34. Kd3 (34. Rd2 $1 $16) 34... Ra4 $11 35. Nd4+ Kd5 36. Nb5 Kc6 37. Nc3 Rb4 38. Ne4 Rh8 {Strongly threatening ...Rd8+.} 39. Nf6 Rd8+ 40. Ke2 Rd6 41. Nh5 c4 42. Ng7 b5 43. Nf5 Rd7 44. Nd4+ Kd5 45. Ra2 c3 46. Kd3 Kc5 {[%cal Rb4d4]} 47. Kxc3 Rc4+ 48. Kd3 Rdxd4+ 49. Bxd4+ Rxd4+ {[%mdl 4096] Endgame KR-KR} 50. Kc3 $2 {[%mdl 8192]} ({White should try} 50. Ke3 $15) 50... b4+ $19 {[%cal Bb5b4,Bb4b3][%mdl 32]} 51. Kc2 Kc4 $1 52. Ra8 $2 (52. Ra4) 52... b3+ 53. Kc1 Kc3 54. Rc8+ Rc4 $2 (54... Kb4 $19 55. Ra8 Re4) 55. Rb8 $2 {[%mdl 8192]} (55. Rxc4+ Kxc4 56. Kd2 Kd4 57. Kd1 Kd3 58. Kc1 Kc3 59. f4 gxf3 60. Kd1 b2 61. Ke1 b1=Q+ 62. Kf2 Qf5 63. Ke3 f2 64. g4 Qf7 65. Ke4 f1=Q 66. g5 Q1f4#) (55. Re8 $11) 55... Re4 $1 {[%cal Re4e1]} 56. Rc8+ Kb4 {( -> ...Rc4+)} 57. Rb8+ Ka3 $1 58. Ra8+ (58. Rb7 $19) 58... Ra4 $1 59. Re8 {[#]} Ka2 $1 60. Rb8 Rc4+ 61. Kd2 b2 62. Kd3 Rc7 63. Ra8+ Kb1 64. Kd2 Rd7+ 65. Ke2 Rd5 66. Ra7 Kc2 {Black mates.} 67. Rc7+ {[#]} Kb3 $1 68. Rb7+ Kc3 69. Ke3 Rd3+ 70. Ke2 Rd4 {Precision: White = 36%, Black = 61%.} 0-1

[Event "Vasteras Open 2018"]
[Site "Vasteras"]
[Date "2018.09.30"]
[Round "7"]
[White "Fors, Tomas"]
[Black "Von Bahr, Oskar"]
[Result "0-1"]
[WhiteElo "2138"]
[BlackElo "2418"]
[Annotator "TA"]
[PlyCount "68"]
[EventDate "2018.09.28"]
[EventCountry "SWE"]
[SourceTitle "playchess.com"]
[Source "ChessBase"]
[SourceQuality "1"]

{[%evp 18,68,10,20,31,33,31,-37,-62,-53,-33,-52,-49,-32,0,0,0,-42,-29,-32,-37,-27,-34,-77,-85,-123,-146,-173,-155,-208,-205,-286,-277,-284,-283,-295,-285,-368,-376,-373,-364,-403,-401,-493,-492,-807,-788,-771,-771,-1906,-1949,-1714,-1616]} 1. d4 {Krasenkow,M} Nf6 2. c4 g6 3. Nc3 d5 4. cxd5 Nxd5 5. e4 Nxc3 6. bxc3 Bg7 7. Qa4+ Nd7 8. Nf3 O-O 9. Be3 {D85: Exchange Grünfeld: Unusual White 7th moves and lines with 7 Nf3} c5 10. Rc1 {LiveBook: 17 Games} e5 $146 ({Predecessor:} 10... Nb6 11. Qd1 Bg4 12. Be2 Bxf3 13. gxf3 cxd4 14. cxd4 Qd7 15. O-O Rac8 16. Qd2 Rfd8 {½-½ (30) Carlsen,M (2835)-Caruana,F (2770) Moscow 2012 CBM 149 [Krasenkow,M]}) 11. d5 {White is slightly better.} f5 12. exf5 ({White should try} 12. Qb3 $14) 12... gxf5 $15 {[#] Hoping for ...f4.} 13. Bg5 Bf6 14. Bxf6 $1 Qxf6 15. Qh4 Rb8 16. Qxf6 Rxf6 17. Be2 b5 18. O-O Ra6 19. Rb1 c4 20. Rb2 Ra3 21. Rc1 Rb6 22. Rd2 Kg7 23. g3 (23. Rb2 $17) 23... Kf6 24. Nh4 Nc5 25. f3 Rd6 26. Ng2 Na4 27. Ne3 Rxc3 28. Rxc3 Nxc3 29. Bf1 f4 30. gxf4 exf4 {Black is clearly winning.} 31. Ng4+ (31. Nxc4 $142 bxc4 32. Bxc4) 31... Bxg4 $19 32. fxg4 Rxd5 33. Rxd5 Nxd5 34. Kf2 Kg5 {Precision: White = 27%, Black = 82%.} 0-1

[Event "Vasteras Open 2018"]
[Site "Vasteras"]
[Date "2018.09.30"]
[Round "7"]
[White "Johansson, David"]
[Black "Malmstig, Erik"]
[Result "0-1"]
[WhiteElo "2110"]
[BlackElo "2309"]
[Annotator "TA"]
[PlyCount "97"]
[EventDate "2018.09.28"]
[EventCountry "SWE"]
[SourceTitle "playchess.com"]
[Source "ChessBase"]
[SourceQuality "1"]

{[%evp 10,97,62,65,96,88,110,71,77,64,127,127,166,146,156,143,136,152,185,147,150,116,138,114,133,126,167,131,180,165,183,117,145,150,141,116,91,41,53,50,74,59,73,67,61,44,150,41,58,0,0,0,44,24,18,0,0,-42,-40,-54,-58,-146,-136,-182,-182,-303,-296,-294,-284,-279,-278,-296,-294,-289,-255,-294,-253,-353,-332,-354,-249,-243,0,-343,-338,-488,-513,-516,-508,-629]} 1. e4 {[%cal Be2e4,Be4e5][%mdl 32]} c5 2. c3 Nf6 3. e5 Nd5 4. Nf3 e6 5. Bc4 Nc7 (5... Nb6 6. Bb3 d6 7. d4 cxd4 8. cxd4 dxe5 9. Nxe5 Nc6 10. Qf3 Bb4+ 11. Nc3 O-O 12. Nxc6 bxc6 13. O-O Qxd4 14. Rd1 Qh4 15. Ne4 e5 16. Bg5 Qg4 17. a3 Qxf3 18. gxf3 {0-1 (32) Mamedov,R (2709)-Harikrishna,P (2744) Huaian 2017}) 6. d4 {LiveBook: 9 Partien. B22: Sizilianisch (Alapin 2.c3)} h6 $146 ({Vorgänger:} 6... cxd4 7. cxd4 d5 8. Bd3 Be7 9. Nc3 b6 10. h4 Ba6 11. h5 Bxd3 12. Qxd3 {1-0 (44) Potapov,P (2500)-Nun,J (2306) Pardubice 2018}) 7. O-O b5 8. Bb3 {Weiß steht besser.} Bb7 9. Nbd2 Nba6 (9... d6 $14) 10. Qe2 c4 11. Bc2 $36 {[%mdl 2048] Läuft bei Weiss.} Nd5 12. Re1 Rc8 13. Ne4 Qb6 14. Bd2 Be7 15. a3 Nac7 16. h3 Na8 17. Nh2 Qc6 18. Nf1 Nab6 19. Qg4 g6 20. Ne3 ({Günstiger ist} 20. Qf3 $18) 20... Kd8 21. Nxd5 Nxd5 22. Qe2 a5 23. b3 cxb3 24. Bxb3 a4 25. Bc2 Nb6 $1 26. Bd3 Nc4 27. Bc1 g5 (27... Ke8 $14) 28. f3 (28. Qh5 $16) 28... Qa6 $14 29. Nd2 ({Lieber} 29. Rf1 $14) 29... Bd5 $1 $11 30. Be4 Na5 31. Bxd5 exd5 32. Qd3 Nc4 33. Nxc4 bxc4 34. Qc2 Rb8 $1 35. Rb1 (35. f4 $15) 35... Rb3 $17 36. Qf5 Qe6 37. Qxe6 (37. Qc2 $142) 37... dxe6 38. Rxb3 axb3 $19 {[%mdl 4096] Endspiel KTL-KTL} ({Nicht} 38... cxb3 39. Kf1 $17) 39. Bb2 Kc7 40. Ra1 Kb6 41. Kf2 Ra8 42. a4 Kc6 43. g4 Bd8 44. Ke3 Ba5 45. Kd2 Bd8 (45... Bc7 $142 46. Kd1 Rh8) 46. Ke3 f6 47. f4 (47. exf6 $142 Bxf6 48. Kd2) 47... gxf4+ 48. Kxf4 Bc7 49. Bc1 {Precision: Weiß = 35%, Schwarz = 61%.} 0-1

[Event "Vasteras Open 2018"]
[Site "Vasteras"]
[Date "2018.09.30"]
[Round "8"]
[White "Solodovnichenko, Yuri"]
[Black "Hector, Jonny"]
[Result "1/2-1/2"]
[WhiteElo "2554"]
[BlackElo "2507"]
[Annotator "TA"]
[PlyCount "107"]
[EventDate "2018.09.28"]
[EventCountry "SWE"]
[SourceTitle "playchess.com"]
[Source "ChessBase"]
[SourceQuality "1"]

{[%evp 20,107,69,41,41,49,50,50,54,39,57,33,43,0,35,29,35,31,23,18,49,47,43,30,52,55,39,0,37,25,60,27,47,0,63,21,113,49,60,21,80,42,92,33,75,23,92,92,92,92,93,62,122,69,74,0,27,27,29,27,44,36,27,27,26,26,26,50,29,29,39,66,80,0,0,0,0,0,0,0,0,0,0,0,0,0,0,0,0,0]} 1. e4 e5 2. Nf3 Nc6 3. Bb5 a6 4. Ba4 d6 5. O-O Bg4 6. h3 h5 7. Bxc6+ bxc6 8. d4 Qf6 9. Nbd2 {C72: Ruy Lopez: Deferred Steinitz: 5 0-0} g5 10. dxe5 dxe5 11. Nc4 {LiveBook: 4 Games. White is slightly better.} Bxf3 $1 12. Qxf3 Qxf3 13. gxf3 f6 14. Be3 $146 ({Predecessor:} 14. Na5 Ne7 15. Be3 Ng6 16. Kg2 c5 {½-½ (78) Lindberg,B (2404)-Hector,J (2497) Tylosand 2018}) 14... Ne7 15. Rfd1 Ng6 16. Kf1 Rh7 17. Na5 c5 18. Ke2 Rb8 19. b3 Bd6 20. Rd3 Nf8 21. Rad1 Rd7 22. Nc4 $36 {[%cal Rc4d6][%mdl 2048] White has the initiative.} Rbd8 23. Na5 {Black must now prevent Nb7.} Rb8 $1 24. c3 Ne6 25. Nc4 (25. h4 $5) 25... Rbd8 26. Na5 Rb8 27. Rd5 (27. h4 $5) 27... Kf7 {[#]} (27... Rg7 $11) 28. Kf1 (28. b4 $1 $16 {[%cal Rb4c5][%mdl 512]} cxb4 29. c4 (29. Nc6 Rb6 $11)) 28... Ke8 $14 29. Kg1 Nf8 (29... Rg7 $11 {keeps the balance.}) 30. Kh2 Ne6 31. Kg3 (31. Nc4 $16) 31... Nf8 32. Nc4 (32. h4 $16) 32... Rbd8 (32... h4+ $1 $11 {remains equal.} 33. Kg4 Ke7) 33. h4 $16 gxh4+ 34. Kxh4 Kf7 35. Kh3 ({Much worse is} 35. Kxh5 $6 Ne6 $11) 35... Ke6 ({Black should play} 35... Be7 $14) 36. Rg1 (36. Nxd6 $16 {aiming for Nb7.} cxd6 37. f4) 36... Be7 $14 37. Bxc5 ({White should try} 37. Rxd7 $16 Rxd7 38. Nb2) 37... Rxd5 (37... Bxc5 {with more complications.} 38. Rxc5 Kf7 39. Rc6 Ne6 40. a4 Rd3) 38. Bxe7 Kxe7 39. Rg7+ Ke8 40. exd5 Rxd5 41. Rxc7 {[%mdl 4096] Endgame Ra7 is the strong threat. KRN-KRN} Ne6 42. Rc6 Nf4+ 43. Kh2 Ke7 44. Rxa6 Rd1 45. Ne3 Rd2 {[#]} 46. c4 (46. Kg3 $1 $16) 46... Rxf2+ $11 {The position is equal.} 47. Kg3 Rd2 48. Nd5+ Nxd5 49. cxd5 Rxd5 {KR-KR} 50. b4 h4+ 51. Kxh4 Rd4+ 52. Kg3 Rxb4 53. a4 Kf7 54. a5 {Precision: White = 42%, Black = 49%.} 1/2-1/2